Statistiche per Quiz sulle Isole Marshall

Clicka qui per fare il quiz!

Statistiche generali

  • Questo quiz è stato fatto 218 volte
  • Il punteggio medio è 10 su 15

Statistiche sulle risposte

HintRisposta% Corretto
Lingue ufficiali
Inglese
99%
Sottoregione oceanica di cui fanno parte le Isole Marshall
{Micro}nesia
95%
Paese da cui le Isole Marshall hanno ottenuto l'indipendenza nel 1986
Stati Uniti
93%
Paese che ha occupato le Isole Marshall dal 1914 al 1944
Giappone
87%
Paese che ha colonizzato le Isole Marshall dal 1885
Germania
75%
CapitaleMajuro
75%
Atollo corallino su cui gli Stati Uniti hanno testato 23 bombe nucleari
Atollo di {Bikini}
71%
Marshallese
62%
Le Isole Marshall hanno la seconda _____ media più bassa di qualsiasi paese, dopo le Maldive
Altitudine
58%
Per questo motivo, le Isole Marshall sono spesso considerate uno dei paesi più minacciato da questo fenomeno
Cambiamento climatico
46%
Tecnicamente, le Isole Marshall è uno dei paesi con la più grande ____ al mondo, per il suo utilizzo come comune "bandiera di comodo"
Flotta
46%
Il più grande artropode terrestre del mondo
{Granchio} del cocco
44%
Nome del più grande test nucleare atmosferico mai condotto dagli Stati Uniti
Castle {Bravo}
43%
Trattato che lega strettamente le Isole Marshall a quanto sopra, permettendo alle persone di muoversi liberamente tra i due paesi
Trattato di libera {associazione}
42%
Territorio non incorporato degli Stati Uniti rivendicato dalle Isole Marshall, luogo di una battaglia della seconda guerra mondiale
Atollo di {Wake}
38%

Distribuzione punteggi

Percentile per numero di risposta

Percentuale di utenti per punteggio

I tuoi punteggi nel tempo

Non hai fatto questo quiz